00787nam a2200229Ii 45000010005000000030009000050080041000140200015000550400033000700410008001030820015001111000040001262450032001662640065001983000012002633360026002753370028003013380027003299400050003569990017004069520134004234869CO-ViMGA241108s9999||||xx |||||||||||||| ||und|| a9684227108 aCO-ViMGAbspaerdacCO-ViMGA0 aunk04a657.1 R1731 aDavid Noel Ramírez Padilla95411110aContabilidad administrativa 1a[Lugar de publicación no identificado] : McGraw-Hill, 1990 avolumen atextbtxt2rdacontent aunmediatedbn2rdamedia avolumebnc2rdacarrier aidficha_siabuc: 4743. -- ficha_no_siabuc:4869 c50973d50973 001040708001aMEVIGERRbMEVIGERRcGENd2006-11-27o657.1 R173pECA3843r2024-11-26 10:02:24tEj.1w2024-11-26yBKz4743 | 6821